00878cam a22002775i 4500020001800000020001500018041000800033082001800041100002200059245008400081260002300165300002000188490004600208650002900254650002400283650001300307650002300320650003000343650002300373650002500396650001400421700002900435942000700464952011200471999001700583 a9789388945110 a9388945115 aENG04a261.0954bMAL1 aMalieckal, Louis,10aInterface of cult and culture : essays on inculturation, liberation and mission aDelhibISPCKc2019 axx, 234 pages ;1 aSamanvayam : contextual theology series ; 0aChristianity and culture 0aLiberation theology 0aMissions 0aGod (Christianity) 7aChristianity and culture. 7aGod (Christianity) 7aLiberation theology. 7aMissions.1 aKuttiyanikkal, Ciril J., cBK 00104070aHMIbHMIcGENd2020-06-05eISPCKg275.00l0o261.0954 MALp11004325r2026-01-16w2026-01-16yBK c22922d22922